header

Inspiring the best in students (Record no. 183095)

MARC details
000 -LEADER
fixed length control field 01148nam a2200301Ia 4500
082 04 - DEWEY DECIMAL CLASSIFICATION NUMBER
Classification number 370.15/4
100 1# - MAIN ENTRY--AUTHOR NAME
Personal name Erwin, Jonathan C.,
245 10 - TITLE STATEMENT
Title Inspiring the best in students
260 ## - PUBLICATION, DISTRIBUTION, ETC. (IMPRINT)
Place of publication Alexandria, VA :
Name of publisher ASCD,
Year of publication c2010.
300 ## - PHYSICAL DESCRIPTION
Number of Pages x, 211 p.
650 #0 - SUBJECT ADDED ENTRY--TOPICAL TERM
Topical Term Motivation in education.
Topical Term Learning, Psychology of.
856 40 - ELECTRONIC LOCATION AND ACCESS
Uniform Resource Identifier http://site.ebrary.com/lib/rucke/Doc?id=10408615

No items available.

© 2026 Rongo University
Contact us: librarian | system librarian | Rongo university